Elecciones en Centroamérica: primera parte /
Guardat en:
| Format: | Text |
|---|---|
| Idioma: | Spanish |
| Matèries: | |
| Etiquetes: |
Afegir etiqueta
Sense etiquetes, Sigues el primer a etiquetar aquest registre!
|
MARC
| LEADER | 00000 a a2200000 04500 | ||
|---|---|---|---|
| 001 | 18100 | ||
| 003 | cru CIDCACS/IIS | ||
| 005 | 20191217112040.0 | ||
| 008 | 191217b ||||| |||| 00| 0 spa d | ||
| 999 | |c 30870 |d 30870 | ||
| 040 | |c cru CIDCACS/IIS | ||
| 245 | 1 | |a Elecciones en Centroamérica: |b primera parte / |c Daniel Tzur | |
| 300 | |a páginas 347-351 | ||
| 650 | |a ELECCIONES | ||
| 650 | |a POLITICA | ||
| 650 | |a SOCIEDAD | ||
| 650 | |a DEMOCRACIA | ||
| 650 | |a CENTROAMERICA | ||
| 942 | |2 ddc |c PP | ||
| 773 | 0 | |0 42391 |9 4140 |a Agencia Latinoamericana de Información, ALAI |d Quito, Ecuador: ALAI |o 03933 |t ALAI: |x 08275564 (Servicio mensual de información y documentación) | |
